Geography Quiz

Random Geography or State Quiz

Water States Quiz Stats

Quiz not verified by Sporcle

Challenge
Share
Tweet
Embed
Score 0/20 Timer 03:00
0 Plays Today
Famous body of water State % Correct
Mohawk River???
90.9%
Kalamazoo River???
90.9%
Lake Okeechobee???
89.1%
Potomac River???
89.1%
Lake Pontchartrain???
87.3%
Mississippi River???
87.3%
Roanoke River???
85.5%
Narragansett Bay???
83.6%
Nantucket Sound???
83.6%
Hudson River???
83.6%
Famous body of water State % Correct
Lake Champlain???
83.6%
Yukon River???
83.6%
Moosehead Lake???
80%
Long Island Sound???
80%
Lake Winnipesaukee???
78.2%
St. Croix River???
78.2%
Mispillion River???
69.1%
Colorado River???
69.1%
Pamlico Sound???
65.5%
Santee River???
58.2%

You're not logged in!

Compare scores with friends on all Sporcle quizzes.
Sign Up with Email
OR
Log In

You Might Also Like...

Show Comments

Extras

Top Quizzes Today


Score Distribution

Your Account Isn't Verified!

In order to create a playlist on Sporcle, you need to verify the email address you used during registration. Go to your Sporcle Settings to finish the process.